LawNow (Record no. 119563)

MARC details
000 -LEADER
fixed length control field 00947cam a2200193 4500
001 - CONTROL NUMBER
control field WS107573
008 - FIXED-LENGTH DATA ELEMENTS--GENERAL INFORMATION
fixed length control field 000000n 000 0 eng u
035 ## - SYSTEM CONTROL NUMBER
System control number (Sirsi) u107573
110 ## - MAIN ENTRY--CORPORATE NAME
Corporate name or jurisdiction name as entry element Cameron McKenna
9 (RLIN) 3669
245 ## - TITLE STATEMENT
Title LawNow
520 ## - SUMMARY, ETC.
Summary, etc. Free electronic information service run by law firm Cameron McKenna aiming to keep people up-to-date with legal developments across a wide range of business sectors and legal specialisms. Registering areas of interest means you will be e-mailed details of new legal developments and articles from Cameron McKenna newsletters and bulletin. Also includes a search facility for adjudications under Part II of the Housing Grants, Construction and Regeneration Act 1996.
650 0# - SUBJECT ADDED ENTRY--TOPICAL TERM
Topical term or geographic name entry element LAW FIRMS
650 ## - SUBJECT ADDED ENTRY--TOPICAL TERM
Topical term or geographic name entry element DISPUTE RESOLUTION
9 (RLIN) 6236
650 ## - SUBJECT ADDED ENTRY--TOPICAL TERM
Topical term or geographic name entry element ADJUDICATIONS
650 ## - SUBJECT ADDED ENTRY--TOPICAL TERM
Topical term or geographic name entry element HOUSING GRANTS CONSTRUCTION AND REGENERATION ACT 1996
690 ## - LOCAL SUBJECT ADDED ENTRY--TOPICAL TERM (OCLC, RLIN)
Topical term or geographic name as entry element LAW
856 40 - ELECTRONIC LOCATION AND ACCESS
Uniform Resource Identifier <a href="https://www.law-now.com">https://www.law-now.com</a>
942 ## - ADDED ENTRY ELEMENTS (KOHA)
Suppress in OPAC 0
Holdings
Withdrawn status Lost status Source of classification or shelving scheme Damaged status Not for loan Home library Current library Shelving location Date acquired Total Checkouts Full call number Barcode Date last seen Copy number Price effective from Koha item type
    Dewey Decimal Classification     Virtual Virtual Online 04/08/2000   WEB SITE 107573-2001 06/08/2019 1 06/08/2019 Online material